| 000 | 01075nam a2200229Ia 4500 | ||
|---|---|---|---|
| 001 | L248-15031 | ||
| 003 | IT-CnALBA | ||
| 008 | 170116s9999||||xx |||||||||||||| ||und|| | ||
| 040 |
_aIT-CnALBA _cIT-CnALBA |
||
| 041 | _aFRANCESE | ||
| 100 | _aBOSSUET JACQUES-BENIGNE VESCOVO DI MEAUX | ||
| 245 | 0 | _aLECTURES SPIRITUELLES POUR LA PREPARATION AU CAREME. | |
| 250 | _a1a ed. | ||
| 260 |
_a PARIS _bDE GARNIER FRERES LIBR. ED. _c1901 [1° Ed.: n.d.] |
||
| 300 | _a523 p. (prefazione: 11) | ||
| 500 | _aA CURA DI P. GOEDERET E. M. MORTE. GIUDIZIO. IMPENITENZA FINALE. PECCATO: EFFETTI. PENITENZA: QUALITÀ, EFFICACIA. CONVERSIONE. DEMONI. PACE. BREVE BIOGRAFIA DI J. B. BOSSUET. | ||
| 501 | _aSocietà San Paolo EM - Piazza San Paolo, 14 - 12051 ALBA (CN) (non commercial uses only) ® Copyright 2017 | ||
| 520 | _aA CURA DI P. GOEDERET E. M. MORTE. GIUDIZIO. IMPENITENZA FINALE. PECCATO: EFFETTI. PENITENZA: QUALITÀ, EFFICACIA. CONVERSIONE. DEMONI. PACE. BREVE BIOGRAFIA DI J. B. BOSSUET. | ||
| 650 | _aASCETICA E MISTICA | ||
| 942 | _cBK | ||
| 957 | _71 | ||
| 999 |
_a19781 _bSI _g Copie: 1 _c274200 _d274200 |
||